02005 a2200193 450000100040000000500170000400800410002100300150006204000400007708000310011724500380014802000220018625000110020826400320021930000180025150513950026910000330166485601140169711820260407155412.0260407a2005 arg spa dAR-UNSa-BCEJYS aAR-UNSa-BCEJYSbspacAR-UNSa-BCEJYS a330xEconomía en general10aEconomía, teoría y política a978-84-481-9850-3 a5a. ed 1aMadrid :bMcGraw-Hillc2005 a580 p.c28 cm a1. La economía: conceptos básicos - 2. La oferta, la demanda y el mercado: aplicaciones - 3. La elasticidad y sus aplicaciones - 4. La demanda y el comportamiento del consumidor - 5. La empresa: producción. Costes y beneficios - 6. La empresa en los mercados de competencia perfecta - 7. El monopolio - 8. El oligopolio y la competencia monopolística - 9. La retribución de los factores: el mercado de trabajo - 10. Eficiencia y fallos del mercado: Externalidades. Bienes públicos e información imperfecta - 11. El papel del estado en la economía: la distribución de la renta, los impuestos y la regulación - 12. Una visión global: la macroeconomía - 13. La medición del PIB: del PIB a la renta disponible - 14. El equilibrio del mercado de bienes: el modelo Keynesiano y la política fiscal - 15. Funciones del dinero - 16. El Banco Central, el equilibrio del mercado de dinero y la política monetaria - 17. El comercio Internacional y la balanza de pagos - 18. El mercado de divisas y la Unión Monetaria Europea - 19. La oferta agregada y la curva de Phillips: inflación y paro - 20. Las políticas macroeconómicas en los modelos clásico, Keynesiano y de la síntesis - 21. Los ciclos económicos: fluctuaciones de la producción y del empleo - 22. El crecimiento económico y el desarrollo - 23. La globalización. Las TIC y la nueva economía1 aMochón Morcillo, Francisco41uhttps://biblioeco.unsa.edu.ar/pmb/images/libros/Economia y Teoria Politica.jpgyImagen de portadaqimage/jpeg